Víkend na Českolipsku - na kole

Jazyk: Čeština
Vydáno: [Česká Lípa] : [Město Česká Lípa], [2019]
Témata:
Fyzický popis: 1 mapa : barevná ; 21 x 30 cm
Mapy
Uloženo v:
LEADER 01572nem a2200433 i 4500
001 nkc20193131715
003 CZ PrNK
005 20200917070737.0
007 aj canzn
008 190925s2019 xr ag a 0 cze
015 |a cnb003131715 
020 |a 978-80-905846-4-8  |q (v mapě neuvedeno ;  |q složeno) 
034 0 |a a 
040 |a ABA001  |b cze  |e rda 
043 |a e-xr---  |b e-xr-li  |2 czenas 
072 7 |a 913(437)  |x Geografie Česka a Slovenska, reálie, cestování  |2 Konspekt  |9 7 
072 7 |a 912  |x Mapy. Atlasy. Glóby  |2 Konspekt  |9 7 
080 |a 796.51  |2 MRF 
080 |a 796.61  |2 MRF 
080 |a 913(437.316)  |2 MRF 
080 |a (084.3)796.5  |2 MRF 
080 |a (084.3)796.61  |2 MRF 
245 0 0 |a Víkend na Českolipsku - na kole 
255 |a Měřítko neuvedeno 
264 1 |a [Česká Lípa] :  |b [Město Česká Lípa],  |c [2019] 
300 |a 1 mapa :  |b barevná ;  |c 21 x 30 cm 
336 |a kartografický obraz  |b cri  |2 rdacontent 
337 |a bez média  |b n  |2 rdamedia 
338 |a list  |b nb  |2 rdacarrier 
500 |a Na rubu stručný vlastivědný text s mapkami a barevnými fotografiemi 
650 0 7 |a pěší turistika  |7 ph124864  |z Česko  |2 czenas 
650 0 7 |a cykloturistika  |7 ph114274  |z Česko  |2 czenas 
651 7 |a Česká Lípa (Česko : oblast)  |7 ge131693  |2 czenas 
655 7 |a turistické mapy  |7 fd133737  |2 czenas 
655 7 |a cykloturistické mapy  |7 fd131996  |2 czenas 
910 2 |a BOA001  |b Mpa-1454.090 
990 |a MP 
995 |a 01 
996 6 |b 2610838538  |c Mpa-1454.090  |l MZK  |r Sklad / do 24 hodin  |n 0  |p p.v.  |w 001826754  |u 000010  |a 1  |e BOA001  |j MZK50  |s P